000 00549nam a22001937a 4500
005 20251108174942.0
008 250721s2011 xx 000 0 ara d
082 1 4 _a817/غيش
100 1 _aغيشان، يوسف
_eمؤلف
245 1 0 _aهكذا تكلم هردبشت /
264 1 _aعمان :
_bدار ورد الأردنية للنشر،
_c2011.
300 _a176ص.
490 0 _aساخرون
_v3
650 1 7 _aالنوادر
650 1 7 _aالأدب العربي
650 1 7 _aالحكايات
942 _2ddc
_cBK
999 _c122333
_d122333